Allgemeinwissen Quiz - Statistiken

Allgemein
  • Dieses Quiz wurde 166 mal gespielt
  • Das Durchschnittsergebnis liegt bei 6 aus 10
Antwortstatistiken
Frage Antwort % Korrekt
Welches ist das größte Land der Welt? Russland
94%
Welches ist das größte Organ des Menschen? Haut
90%
Wie viele Beine hat eine Spinne? 8
87%
Wie viele Zähne hat ein erwachsener Mensch normalerweise? 32
84%
An welchem Datum fiel die Berliner Mauer? 09. November 1989
72%
Was ist ein Sonett? Eine Gedichtsform
49%
Wie viele Oscars gewann der Film "Titanic"? 11
46%
In welchem Jahr erschien Tetris? 1984
40%
Wer wählt den Bundespräsidenten? Bundesversammlung
30%
Welches Land hat die höchste Bevölkerungsdichte? Monaco
25%
Keine übereinstimmenden Quizze gefunden
Verteilung der Resultate
Anzahl Personen mit jedem Resultat
Perzentil nach korrekt beantworteten Fragen
Ihre Resultats-Entwicklung
Sie haben dieses Quiz noch nicht gespielt